Strategies That Work: Teaching Comprehension to Enhance Understanding (Record no. 48991)
| 000 -LEADER | |
|---|---|
| fixed length control field | 00416nam a22001217a 4500 |
| 008 - FIXED-LENGTH DATA ELEMENTS--GENERAL INFORMATION | |
| fixed length control field | 250701b |||||||| |||| 00| 0 eng d |
| 020 ## - INTERNATIONAL STANDARD BOOK NUMBER | |
| International Standard Book Number | 9781571103109 |
| 100 ## - MAIN ENTRY--PERSONAL NAME | |
| Personal name | Stephanie Harvey (Author), Anne Goudvis (Author) |
| 9 (RLIN) | 86369 |
| 245 ## - TITLE STATEMENT | |
| Title | Strategies That Work: Teaching Comprehension to Enhance Understanding |
| 260 ## - PUBLICATION, DISTRIBUTION, ETC. (IMPRINT) | |
| Place of publication, distribution, etc | Canada |
| Name of publisher, distributor, etc | Stenhouse Pub |
| Date of publication, distribution, etc | 2000 |
| 300 ## - PHYSICAL DESCRIPTION | |
| Extent | 314 p |
| Other physical details | col. ill. |
| Dimensions | 7.5 x 1 x 9.75 inches |
| 942 ## - ADDED ENTRY ELEMENTS (KOHA) | |
| Source of classification or shelving scheme | |
| Withdrawn status | Lost status | Source of classification or shelving scheme | Damaged status | Not for loan | Collection code | Home library | Current library | Date acquired | Total Checkouts | Full call number | Barcode | Date last seen | Price effective from | Koha item type |
|---|---|---|---|---|---|---|---|---|---|---|---|---|---|---|
| Non-Fiction | Asian Hope Siem Reap | Asian Hope Siem Reap | 07/01/2025 | NFIC STE | 208252 | 07/01/2025 | 07/01/2025 | Book |